000 00280nam a2200121Ia 4500
008 230312s9999||||xx |||||||||||||| ||und||
082 _a914.955
_bGRE-A
100 _aGreece;Corfu
245 0 _aAchilleio History And Legend
260 _aUK
650 _aArchitecture
942 _cBK
999 _c12075
_d12075